| 000 | 00631cam a2200193 a 4500 | ||
|---|---|---|---|
| 001 | 2070051 | ||
| 005 | 20250522182608.0 | ||
| 008 | 940802s1995 ctu b 001 0 eng | ||
| 020 |
_a1561343242 : _c$13.95 |
||
| 050 | 0 | 0 |
_aD860 _b.T357 1995 |
| 082 | 0 | 0 |
_a909.82 _220 |
| 245 | 0 | 0 |
_aTaking sides. _pClashing views on controversial issues in world politics / _cedited, selected, and with introductions by John T. Rourke. |
| 250 | _a6th ed. | ||
| 260 |
_aGuilford, Conn. : _bDushkin Pub. Co., _cc1995. |
||
| 300 |
_axxi, 381 p. ; _c24 cm. |
||
| 650 | 0 | 0 |
_aWorld politics _y1989- |
| 700 | 1 |
_aRourke, John T., _d1945- |
|
| 942 |
_2lcc _cBK _n0 |
||
| 999 |
_c5922 _d5922 |
||